000 00654nam a2200133Ia 4500
008 220620s9999||||xx |||||||||||||| ||und||
020 _a9782890000000
245 4 _aThe Dialogue Between Forensic Scientists, Statisticians and Lawyers about Complex Scientific Issues for Court
546 _aEnglish[eng]
650 _acriminal jurisprudence||expert evidence||DNA likelihood ratios||DNA evidence||principles of forensic interpretation
700 _aPope, Sue||Biedermann, Alex
856 _uhttps://www.frontiersin.org/research-topics/4000/the-dialogue-between-forensic-scientists-statisticians-and-lawyers-about-complex-scientific-issues-f
942 _cEB
999 _c25787
_d25787